Οι πόλεμοι του αύριο
Αποθηκεύτηκε σε:
| Κύριος συγγραφέας: | |
|---|---|
| Άλλοι συγγραφείς: | , , |
| Μορφή: | Βιβλίο |
| Γλώσσα: | Greek French |
| Δημοσίευση: |
Αθήνα :
Παπαζήσης,
2004.
|
| Σειρά: | Διεθνής και ευρωπαϊκή πολιτική (Παπαζήσης)
|
| Θέματα: | |
| Ετικέτες: |
Προσθήκη ετικέτας
Δεν υπάρχουν, Καταχωρήστε ετικέτα πρώτοι!
|
MARC
| LEADER | 00000cam a2200000 i 4500 | ||
|---|---|---|---|
| 001 | 1/96601 | ||
| 008 | 081105s2004 gr | ||| |||| ||gre|| | ||
| 020 | |a 9600217254 | ||
| 035 | |l 10101402 | ||
| 040 | |a GR-MyUA |b gre |e AACR2 | ||
| 041 | 1 | |a gre |h fre | |
| 082 | 7 | |a 355.027 |2 (22) | |
| 100 | 1 | |a Boniface, Pascal. | |
| 245 | 1 | 3 | |a Οι πόλεμοι του αύριο / |c Pascal Boniface ; πρόλογος: Βύρων Θεοδωρόπουλος ; εισαγωγή: Σωτήρης Ντάλης ; μετάφραση: Βίκυ Ιακώβου. |
| 260 | |a Αθήνα : |b Παπαζήσης, |c 2004. | ||
| 300 | |a 270 σ. ; |c 21 εκ. | ||
| 490 | 1 | |a (Διεθνής και ευρωπαϊκή πολιτική / Παπαζήσης) | |
| 500 | |a Η ελληνική έκδοση του βιβλίου του Pascal Boniface πραγματοποιήθηκε με την υποστήριξη και την επιστημονική επιμέλεια του Ινστιτούτου Αμυντικών Αναλύσεων. | ||
| 500 | |a Τίτλος πρωτοτύπου: Les guerres de demain. | ||
| 504 | |a Περιλαμβάνει βιβλιογραφίες. | ||
| 650 | 0 | 0 | |a War. |
| 650 | 0 | 0 | |a World politics |y 21st century. |
| 650 | 0 | 0 | |a International relations. |
| 650 | 0 | 0 | |a Terrorism. |
| 650 | 0 | 0 | |a War |x Causes. |
| 700 | 1 | |a Θεοδωρόπουλος, Βύρων, |e aui | |
| 700 | 1 | |a Ντάλης, Σωτήρης, |e aui | |
| 700 | 1 | |a Ιακώβου, Βίκυ, |e trlf | |
| 830 | 0 | |a Διεθνής και ευρωπαϊκή πολιτική (Παπαζήσης) | |
| 852 | |a INST |b LESVOS |e 20181121 |h 355.027 BON |p 005100060642 |q 005100060642 |t BK |y 0 | ||
| 852 | |a INST |b RHODES |e 20081105 |h 355.027 BON |p 005400031142 |q 005400031142 |t BK |y 0 | ||
| 852 | |a INST |b RHODES |e 20131210 |h 355.027 BON |p 005400035868 |q 005400035868 |t BK |y 0 | ||
| 901 | |a BIBL4-2008-3 | ||
| 901 | |a BIBL4-2013-3 | ||
| 909 | |a Ρ |b 153544 | ||
| 909 | |a Ρ |b 182376 | ||
| 970 | |a ΧΑΡΙΟΠΟΛΙΤΟΥ |b ΚΩΝΣΤΑΝΤΙΝΑ |z 2008/11/05 | ||